| 000 | 01010nam0a2200325 4500 | ||
|---|---|---|---|
| 001 | RU\NLR\bibl\1445311 | ||
| 005 | 20250615225813.0 | ||
| 010 |
_a978-5-9795-0428-5 _950 |
||
| 021 |
_aRU _b2009-79832 _95005 |
||
| 035 | _a(nilc)RSL-KNO-004393172 | ||
| 035 | _a(NLR Aleph) 001437148 | ||
| 090 |
_a1439665 _c1439665 |
||
| 100 | _a20090930d2009 |||y0rusy50 ca | ||
| 101 | 0 | _arus | |
| 102 | _aRU | ||
| 105 | _ay zzzz||||| | ||
| 200 | 1 |
_aЯ строю замок из песка... _eсборник стихов _fАлиса Вешникова |
|
| 210 |
_aУльяновск _cУлГТУ _d2009 _eУльяновск _gТип. УлГТУ |
||
| 215 |
_a159 с. _cил. _d17 |
||
| 686 |
_aШ5(2=Р)75-65я44 _2rubbk |
||
| 686 | _aШ6(2=Р)8-5 | ||
| 700 | 1 |
_aВешникова _bА. _gАлиса _4070 |
|
| 801 | 0 |
_aRU _bРКП _c20090930 _grcr |
|
| 801 | 1 |
_aRU _bРГБ _c20090930 |
|
| 801 | 2 |
_aRU _bNLR _c20091130 _grcr |
|
| 942 | _cBOOK | ||
| 980 | _aNB | ||
| 980 | _aNBR | ||